000 00488nam a2200181Ia 4500
001 24487
005 20260414151046.0
008 260414t2008||||xx |||||||||||||| ||spa||
041 _aESP
082 _a345.7C5
_bL36 T. 3 2008
100 _aLedesma Narváez, Marianella
_eAUT
245 0 _aComentarios al código procesal civil :
_banálisis artículo por artículo
260 _c2008
300 _apágs. :
_c25 cm.
650 _aDER
654 _aCDE
942 _cLIB
_dJUS
_fJUS
_2ddc
_n
999 _c24487
_d24487